NLSUI OPAC header image

Michel foucault and the politics of freedom (Record no. 13075)

MARC details
000 -LEADER
fixed length control field 00455nam a2200157Ia 4500
008 - FIXED-LENGTH DATA ELEMENTS--GENERAL INFORMATION
fixed length control field 160316s1996 xxu||||| |||| 00| 0 eng d
082 ## - DEWEY DECIMAL CLASSIFICATION NUMBER
Classification number 320.092000
Item number DUM
100 ## - MAIN ENTRY--PERSONAL NAME
Personal name Dumm Thomas L
245 ## - TITLE STATEMENT
Title Michel foucault and the politics of freedom
250 ## - EDITION STATEMENT
Edition statement
260 ## - PUBLICATION, DISTRIBUTION, ETC.
Place of publication, distribution, etc. New Delhi
Name of publisher, distributor, etc. Sage Publications
Date of publication, distribution, etc. 1996
300 ## - PHYSICAL DESCRIPTION
Extent 167p
Other physical details 167p*
Dimensions
365 ## - TRADE PRICE
Price amount 917/70*
650 ## - SUBJECT ADDED ENTRY--TOPICAL TERM
Topical term or geographic name entry element 1.Foucault Michel - Biography<br/>2.Political Thoughts - Contribution
700 ## - ADDED ENTRY--PERSONAL NAME
Personal name
--
Holdings
Withdrawn status Lost status Damaged status Not for loan Home library Current library Shelving location Date acquired Cost, normal purchase price Total Checkouts Full call number Barcode Date last seen Price effective from Koha item type
        . .   30.05.2017 91770.00   320.092 DUM 13429 30.05.2017 30.05.2017 BOOKs